000 00667nam a2200193Ia 4500
008 151121s9999||||xx |||||||||||||| ||und||
082 _a155।67/दातार
082 _bHNW-118054
100 _aदातार रत्नावली
245 _aसुखद वृध्दत्व
260 _b"मेहता पब्लिशिंग हाऊस, पुणे।"
260 _c2014
300 _a130
600 _aदातार रत्नावली
630 _aसुखद वृध्दत्व
700 _aदातार रत्नावली
730 _aसुखद वृध्दत्व
942 _cBOOK
999 _c1265606
_d1265603